• 首页
  • 本馆介绍
  • 公告通知
  • 最新文献
  • 馆藏检索
  • 电子资源
  • 读者导购
  • 参考咨询
  • 我的图书馆
  • 登录
  • 详细信息显示
  • 放入我的书架
  • 预约/预借图书
  • 作者相关作品
  • 分类相关作品
  • 丛书相关作品
  • 出版社相关作品

书目信息

  • 表格格式
  • 工作单格式
  • 卡片格式
题名:
图解录音制作入门
    
 
作者: 相澤昭八郎...[等] 著 ;何希才...[等] 译
分册:  
出版信息: 北京   科学出版社  1999.9
页数: 118页
开本: 16开
丛书名: OHM科学丛书
单 册:
中图分类: TN912.12
科图分类:
主题词: 电声技术 , 语音数据处理
电子资源:
ISBN: 7-03-007447-5
000 00748nam0 2200241 45
001 0103260906
005 20031219104049.2
010    @a7-03-007447-5@dCNY16.00
100    @a20010326d1999 km y0chiy0120 ea
101 0  @achi
105    @a z 000yy
200 1  @a图解录音制作入门@ATu Jie Lu Yin Zhi Zuo Ru Men@f(日)相澤昭八郎...[等]著@F(Ri)Xiang 漇hao Xun Si?..[Deng]Zhu@g何希才...[等]译
210    @a北京@c科学出版社@d1999.9
215    @a118页@d16开
225    @aOHM科学丛书
410    @12001 @aOHM科学丛书
606 0  @a电声技术
606 0  @a语音数据处理
690    @aTN912.12@v3
701  0 @a相澤昭八郎...[等]@4著
702  0 @a何希才...[等]@AHe Xi Cai...[Deng]@4译
801    @aCN@bTSTC@c20010326
905    @b295998-002@dTN912.12@e33@f5
    
    图解录音制作入门/(日)相澤昭八郎...[等]著/何希才...[等]译.-北京:科学出版社,1999.9
    118页;16开.-(OHM科学丛书)
    
    
    ISBN 7-03-007447-5:CNY16.00
    
●
相关链接 在E读中查询图书 在五车中查询图书 在当当中查询图书 在豆瓣中查询图书


正题名:图解录音制作入门     索取号:TN912.12/33         预约/预借

序号 登录号 条形码 馆藏地/架位号 状态 备注
1 0295998   002959980   第三借阅区/ [索取号:TN912.12/33] 在馆    
2 0295999   002959999   第三借阅区/ [索取号:TN912.12/33] 在馆    
3 0296000   002960004   第三借阅区/ [索取号:TN912.12/33] 在馆    
4 0296001   002960013   第三借阅区/ [索取号:TN912.12/33] 在馆    
5 0296002   002960022   第二样本阅览室/ [索取号:TN912.12/33] 在馆    
唐山师范学院图书馆 欢迎您!
大连网信软件有限公司© 版权所有